000 00643nam a2200301Ia 4500
005 20260401122435.0
008 008 250103s9999 xx 000 0 eng d
020 _a9781844673483
037 _aTB
040 _aEDL
040 _beng
040 _cEDL
041 _2eng
041 _aeng
084 _a832.051BEN
084 _qEDL
100 _aBenjamin, Walter
245 0 _aOrigin of German tragic drama
245 0 _cBenjamin, Walter
260 _aLondon
260 _bVerso
260 _c1998
300 _a256p
942 _cTB
942 _h832.051BEN
999 _c1847306
_d1847306